000 01108cam a22003015a 4500
001 16218778
005 20150519122628.0
008 100505t2010 enka frb 001 0 eng d
020 _a9781441155863
020 _a9781441129673
040 _aBTCTA
_beng
_cBTCTA
_dBWK
_dUKM
_dYDXCP
_dBWKUK
_dHLS
_dGZM
_dBWX
_dVPI
_dDLC
_dEG-ScBUE
082 0 4 _a302.23
_bLAN
_222
245 0 0 _aLanguage ideologies and media discourse :
_btexts, practices, politics /
_cedited by Sally Johnson and Tommaso M. Milani.
260 _aLondon ;
_aNew York :
_bContinuum International Publishing Group,
_cc.2010.
300 _axii, 296 p. :
_bill. (some col.) ;
_c24 cm.
490 0 _aAdvances in sociolinguistics
500 _aIndex ; p. 283-296.
504 _aIncludes bibliographical references.
650 0 _aMass media and language.
_2BUEsh
650 0 _aMass media
_xInfluence.
_2BUEsh
650 0 _aDiscourse analysis.
_2BUEsh
651 _2BUEsh
653 _bCOMAME
_cMay2015
655 _vreading book
_934232
700 1 _aJohnson, Sally A.,
_eeditor.
700 1 _aMilani, Tommaso M.,
_eeditor.
942 _2ddc
_k302.23 LAN
999 _c19368
_d19340